000 00475nam a2200169Ia 4500
999 _c72
_d72
003 OSt
005 20210915105106.0
008 190216s9999||||xx |||||||||||||| ||und||
040 _coclc
082 _a297.122564812
_bMOU/A
100 _aMoulavi, K Ummer
_98788
245 0 _aAmma Jasha Paribasha /
_cK Ummer Moulavi
260 _bAl Huda Book Stall,
300 _a172p
650 _aArabic
942 _cBK
_2ddc
_h297.122564812
_iMOU/A
_k297.122564812
_mMOU/A